Państwa według kobiecych piersi - Statystyki

Ogólne statystyki
  • Ten quiz został rozwiązany 91 razy
  • Średni wynik to 16 z 30
Statystyki odpowiedzi
Śr.Rozmiar Odpowiedz % Poprawnych
C Polska
94%
D Usa
79%
D+ Rosja
78%
D Niemcy
71%
C Kanada
69%
C Brazylia
64%
C Ukraina
64%
D+ Norwegia
63%
C Włochy
63%
D+ Szwecja
61%
D+ Finlandia
58%
C Francja
58%
C Wielka Brytania
58%
D Czechy
56%
C Australia
53%
C Argentyna
51%
D Holandia
48%
D Austria
45%
C Litwa
44%
C Grecja
43%
D Chorwacja
40%
D Węgry
40%
D Węgry
40%
D Islandia
39%
D Kolumbia
39%
C Chile
38%
C Rumunia
38%
C Estonia
36%
D Wenezuela
29%
C Urugwaj
25%
Nie znaleziono quizów pasujących do podanych kryteriów
Rozkład punktacji
Procent ludzi z każdym wynikiem
Percentyl według liczby udzielonych odpowiedzi
Twoja historia wyników
Nie rozwiązałeś tego quizu